000 01403cam a22003974i 4500
003 PE-LiUPU
005 20250731173216.0
008 150625s r 000 0 d
035 _a(Sirsi) a32961
040 _aPE-LiUPU
_bspa
_cPE-LiUPU
_erda
082 0 4 _a224.5
_bW73 / Inglés
_221
100 1 _aWiseman, D.J.,
_eautor.
245 1 0 _aNotes on some problems in The Book of Daniel.
264 1 _aLondon :
_bThe tyndale press,
_c1965.
300 _a79 páginas ;
_c21.5 cm.
336 _atext
_2rdacontent
337 _aunmediated
_2rdamedia
338 _avolume
_2rdacarrier
505 0 _aSome historical problems in the book of Daniel. -The musical instruments in nebuchadrezzar's orchestra. -The hebrew of Daniel. -The aramaic of Daniel.
526 _aSEG42
526 _aSEG41
526 _aSEG40
526 _aSEG39
526 _aP94
526 _aP87
526 _aP86
526 _aP85
526 _aP77
526 _aP76
526 _aP35
942 _2ddc
_cBOOK
949 _a224.5 W73 / Inglés
_wDEWEY
_c1
_i38950
_lCCODEBUL1
_mBUL
_p00.00
_r0
_sY
_tBOOK
_u2015-06-25
_xBIBLIOTECA
_zUNKNOWN
_0COMPRA
_o.STAFF. Colección General
596 _a1
999 _a224.5 W73 / INGLÉS
_wDEWEY
_c40671
_i38950
_f2021-11-11
_g5
_lCCODEBUL1
_mBUL
_r0
_sY
_tBOOK
_u2015-6-25
_xTEOLOGIA
_zUNKNOWN
_0COMPRA
_o.STAFF. Colección General
_d40671
980 _81
_gALBERTO SANCHEZ Responsable de Automatización